[Event "Dortmund SuperGM 24th"]
[Site "Dortmund"]
[Date "1996.07.13"]
[Round "8"]
[White "Kramnik, Vladimir"]
[Black "Shirov, Alexei"]
[Result "1-0"]
[WhiteElo "2765"]
[BlackElo "2685"]
[Annotator "Kramnik,V"]
[PlyCount "97"]
[EventDate "1996.07.05"]
[EventType "tourn"]
[EventRounds "9"]
[EventCountry "GER"]
[EventCategory "18"]
[SourceTitle "CBM 054"]
[Source "ChessBase"]
[SourceDate "1996.10.01"]
[SourceVersion "1"]
[SourceVersionDate "1996.10.01"]
[SourceQuality "1"]

{Har Zvi: This game is very important for estimating this line, both players
players played a very important line after 4...dxc4 which lately was
considered to be OK for black, but Kramnik with his fantastic preperation
proves it to be wrong!} 1. Nf3 {Petursson HarZvi Ftacnik} d5 2. d4 c6 3. c4 Nf6
4. Nc3 dxc4 5. a4 Bf5 6. Ne5 e6 7. f3 Bb4 8. e4 Bxe4 9. fxe4 Nxe4 10. Bd2 Qxd4
11. Nxe4 Qxe4+ 12. Qe2 Bxd2+ 13. Kxd2 Qd5+ 14. Kc2 {Another move in this
position is 14.Kc3.} Na6 15. Nxc4 {Kramnik has a huge knowledge in this
position, not speaking on his results, which are not very far from 100% in
this line!!} O-O-O (15... Ke7 {HarZvi} 16. Qe5 Rhd8 17. Be2 f6 18. Qe3 $1 (18.
Qxd5 cxd5 19. Na5 Rac8+ 20. Kb1 Nc5 21. Ra3 b6 22. Nb3 e5 {Fedorov,M-Majorovas,
V Yalta op 1995}) 18... Nb4+ $2 (18... Qf5+ 19. Kc3 Nc7 20. Qg3 Nd5+ 21. Kb3
$14) 19. Kb3 a5 20. Rad1 Qf5 21. Qc3 $1 $16 {Kramnik,V-Hodgson,J Groningen
1993 59/407 [Kramnik,V]}) (15... Qf5+ {HarZvi} 16. Kc3 $1 O-O 17. Qe5 Qf2 18.
Bd3 Rad8 19. Rhf1 Qh4 20. Qe4 $16 {Karpov,A-Tukmakov,V Gijon Active 1988}) (
15... O-O {HarZvi} 16. Qe5 Rfd8 17. Be2 f6 18. Qxd5 cxd5 19. Na5 Rdc8+ (19...
Rac8+ 20. Kb1 Nc5 (20... Nb4 21. Nxb7 Rd7 22. Na5 d4 23. Bc4 Kf7 24. Re1 $16 {
Chekov,V-Lastin,A Moscow op2 1995}) 21. Rc1 {with the idea Rxc5!} b6 22. b4
bxa5 23. bxc5 $18 {Kasparov,G-Galliamova,A Rome 1990}) 20. Kb1 Nb4 $2 (20...
Nc5 $16) 21. Nxb7 Rab8 22. Na5 $1 $18 {Kramnik,V-Haba,P Duetschland 1993 57/374
} (22. Nd6 $2 $13 {51/(389)})) 16. Qe3 {The main line is 16.Qe5, which was
played by Kramnik few times, but after this game black's main problem will be
facing this line since after 16.Qe5 these days black seems to be OK.} (16. Qe5
{Ftacnik} f6 17. Qe3 {xe6}) (16. Qe5 {HarZvi}) 16... Nc5 (16... Kb8 {HarZvi}
17. Be2 Ka8 (17... Qxg2 18. Rhg1 (18. Qe5+ Ka8 19. Rhg1 Qd5 20. Rxg7 $16) 18...
Qxh2 19. Rxg7) 18. g4 {Xf5} f6 (18... Nc7 $142 19. Rad1 Qg2 20. Qf3 Qxf3 21.
Bxf3 $16) 19. Rhd1 Qg2 20. Rxd8+ Rxd8 21. Qxe6 Qxh2 22. Rd1 Rb8 23. a5 Nc7 24.
Nb6+ $3 $18 {Kramnik,V-Georgiev,Ki Moscow olm 1994 62/421 [Kramnik ]}) 17. Be2
Qxg2 (17... Qf5+ {Ftacnik} 18. Kc3 Qf6+ 19. Kb4 Rd5 20. Ka3 Rhd8 21. Rad1 Qg5
$6 (21... Qe7 22. b4 Na6 23. Qc3 f6 24. Ne3 $14) 22. Qxg5 Rxg5 23. Rxd8+ Kxd8
24. Bf3 Kc7 25. Rd1 Nd7 26. h4 Rg6 27. a5 {Agdestein,S-Hansen,Cu/Reykjavik zt 
(07)/1995/0-1 (67)}) 18. Rhg1 (18. Rag1 {Ftacnik} Qd5) 18... Qxh2 19. Rxg7 $1
$146 {This simple as natural move is Kramnik's big novelty, because Chernin in
his analyse in Informator 52 writes, that after 19...Rd3! black is winning,
well life is little bit more complicated!!} (19. Kc3) (19. Rh1 {Ftacnik} Qg2
20. Rag1 Qe4+ 21. Qxe4 Nxe4 22. Rxg7 Rd4 23. a5 h5 24. Rh4 f5 25. a6 bxa6 26.
Rxa7 Rh6 {1/2-1/2 Hergott,D-Marjanovic,S/Belgrade GMA/1988/ (32)}) (19. Kc3 {
Ftacnik} Rd5 $2 (19... Nd7 $1 20. Rxg7 Nf6 21. Qxa7 Qxe2 22. Nb6+ $1 Kc7 23.
Rxf7+ Rd7 $8 24. Nxd7 Nxd7 25. Qa5+ Kd6 26. Qb4+ c5 $13) (19... g6 $5 20. Qxc5
Qxe2 21. Qxa7 Rd3+ 22. Kb4 Qc2 23. Qa8+ Kc7 24. Qa5+ Kb8 25. Qe5+ Ka7 $10) 20.
b4 $1 (20. Rxg7 {HarZvi} Rhd8 {Rd3}) 20... Nd7 21. Bf3 (21. Rxg7 Ne5 22. Rag1
Rhd8 23. R1g2 (23. Rg8 Nxc4 24. Bxc4 Qe5+ 25. Qxe5 Rxe5 $10) 23... Qh1 (23...
Nxc4 $5) 24. Rg1 Qh2 25. R1g2 Qh1 26. Rg1 {1/2-1/2 Bareev,E-Salov,V/Belgrade 
(05)/1996/}) (21. Rh1 Qb8) 21... Kb8 $2 (21... Rf5) 22. Rxg7 $2 (22. Bxd5 cxd5
23. Nd2 $16) 22... Rf5 23. Rh1 (23. Be4 {HarZvi} Nf6 $1 $15) 23... Qa2 (23...
Qf4 $15) (23... Qf4 $15 {HarZvi}) 24. Be4 Ne5 (24... Nf6 25. Qg3+) 25. Qd4 Nxc4
26. Bxf5 b5 27. axb5 cxb5 28. Qf4+ e5 29. Qc1 {0-1 Muse,M-Chernin,A/Altensteig
(10)/1991/ (50)}) (19. b4 Nd3 (19... Na6 20. Kb3 Rd5 21. Rxg7 Rf5 22. Bd3 Rf2
23. b5 Nb8 24. Rd1 Rd8 25. Rxh7 Qf4 26. Qxa7 Rf3 {1/2-1/2 Ward,C-Jelling,E/
Copenhagen op (08)/1995/ (31)}) 20. Rh1 Qf2 21. Qxf2 Nxf2 22. Rhf1 Ne4 23. Rxf7
Rd7 24. Rf4 Nf6 25. Kb3 Kc7 26. Re1 {1-0 Kalantarian,N-Kinsman,A/Cannes op (07)
/1995/ (49)}) 19... Rd4 $2 {Forcing a position with 5 pawns for the rook, but
really black's position is very unpleasent, since he has 3 islands of pawns,
and the white king will not be checkmated!} (19... Rd3 20. Rh1 $1 $8 {This
move is not very easy to see, but in the given position it is the only one and
should not be too difficult for such a strong player as Chernin, who probably
missed it!} (20. Qe5 Qxe5 21. Nxe5 Re3 22. Nxf7 Rxe2+ $19) (20. Qxc5 Qxe2+ 21.
Kb1 Qd1+ 22. Ka2 Qb3+ $19) 20... Qxh1 (20... Rxe3 21. Rxh2 $18) 21. Bxd3 Qd5 (
21... Qh2+ 22. Be2) (21... Nxd3 22. Qxd3 Qh2+ (22... Rd8 23. Nd6+ Kb8 24. Qg3
$1 $18 Ka8 25. Rg8) 23. Kb3 $16 (23. Qd2 $5)) (21... Qh2+ $13 {Ftacnik}) 22.
Rxf7 $16 b5 (22... Rd8 23. Be2) 23. axb5 cxb5 24. Nd2) (19... f5 $5) 20. Qxd4
Qxe2+ 21. Nd2 $1 (21. Kb1 $2 Qf1+ 22. Ka2 Qxa1+ 23. Kxa1 Nb3+ 24. Ka2 Nxd4) (
21. Kc3 Qf3+ (21... Rd8 $2 22. Qxc5) 22. Ne3 (22. Qe3 Qf6+ 23. Qe5 Qf3+ (23...
Qf3+ {Petursson} 24. Qe3 $10)) (22. Kb4 $2 Nb3 $1 23. Qxa7 c5+ 24. Kb5 Qc6#) (
22. Kc2 $2 Nb3 $19) 22... Rd8 (22... Ne4+ $2 23. Kb3 Rd8 24. Qxa7) 23. Qxc5 (
23. Rf1 $2 Ne4+ 24. Kb3 (24. Kc2 Qe2+) 24... Rxd4 25. Rxf3 Nd2+ 26. Kc3 Nxf3
27. Rxf7 Rd3+) 23... Qf6+ 24. Kb3 Qxg7 25. Qxa7 Rd3+ 26. Ka2 (26. Kc2 Qg6)
26... Qd4 $1 $14) 21... Rd8 22. Qxc5 Rxd2+ (22... Qd3+ 23. Kc1 Qxd2+ 24. Kb1
Qd1+ (24... Qe1+ 25. Ka2 $18) 25. Qc1 $18 (25. Qc1 {Ftacnik} Qd4 26. Rxf7 Qe4+
27. Ka2 Qxa4+ $10) (25. Ka2 Qxa4+ 26. Qa3 Qc4+ 27. Qb3 Qa6+ 28. Kb1 Qf1+)) 23.
Kb3 Rxb2+ 24. Ka3 Rd2 $8 (24... Rc2 25. Qf8+ $18) 25. Rg3 (25. Rb1 {Ftacnik}
Rd3+ 26. Rb3 Rxb3+ 27. Kxb3 Qd1+ $13) 25... Qe4 $5 {Black does no have a
perpetual check after 25...Rd3.} (25... Rd3+ 26. Rxd3 Qxd3+ 27. Kb2 Qd2+ (27...
Qe2+ {Ftacnik} 28. Qc2 Qe5+ 29. Qc3 (29. Qc3 Qh2+ (29... Qe2+ {Petursson} 30.
Kb3 $16) 30. Kb3)) 28. Kb3 (28. Qc2 Qd4+ 29. Qc3 Qf2+ 30. Ka3) 28... Qd3+ 29.
Qc3 Qd5+ 30. Kb2 Qg2+ 31. Ka3 $18) 26. Rb3 $2 {Now white's king is very safe,
and the king with problems is black's one, Shirov can not avoid the change of
queens now.} (26. Qb4 $5 $18) 26... b6 $1 (26... Qd5 {Ftacnik} 27. Qf8+ Qd8 28.
Qxd8+ Rxd8 29. Rh1 $16) (26... Qd5) 27. Qf8+ Kb7 (27... Rd8 28. Qxf7 $16) 28.
Qxf7+ $6 (28. Rf1 $5 f5 29. Rg1 Rd7 30. Rg7 Qd4 31. Rxd7+ Qxd7 32. Rg3 Ka6 33.
Qb4 $18) 28... Ka6 29. Qf3 $1 (29. Rc1 Rd4) (29. Qf1+ $2 b5 $1 30. Rxb5 (30.
axb5+ $4 Ka5) 30... Re2 $3 31. Rb4 (31. Rb3 Ka5) 31... Qe3+ 32. Rb3 Qc5+ 33.
Rb4 Qc3+ 34. Rb3 Qc5+ $10) 29... Qxf3 $6 {Maybe 29...Qd4 keeping the queens
could have given some more chances, but really all this rook sacrifise is??!} (
29... Qd4 30. Qc3 Qd6+ 31. Qb4 Qd5 (31... c5 32. Qc4+ Kb7 33. Re1 $1 Rd4 34.
Qxe6) 32. Rc1 Rd4 33. Qc3 c5 34. Kb2 (34. a5 $2 c4) 34... Rxa4 35. Ra3 Rxa3 36.
Kxa3 $16) 30. Rxf3 Ka5 31. Rf4 $5 (31. Re1 Rd4 32. Rxe6 Rxa4+ 33. Kb2 $16)
31... Rd3+ 32. Kb2 Rh3 (32... Re3 $5) (32... Rd2+ {Ftacnik} 33. Kc3 Rh2 34. Re1
) 33. Re1 Rh2+ 34. Kb3 Rh3+ 35. Kc2 Rh2+ 36. Kd3 Rh6 (36... Rh3+ 37. Re3) 37.
Rfe4 c5 38. Rxe6 Rh3+ (38... Rxe6 {Ftacnik} 39. Rxe6 Kxa4 40. Kc4 $18) 39. R1e3
Rh1 (39... Rxe3+ 40. Rxe3 Kxa4 41. Kc4 $18) 40. R3e4 Rh3+ 41. Kc4 $1 $18 Rg3 (
41... Kxa4 42. Re1 Ra3 (42... Rh4+ 43. R6e4 $18) 43. Re7 a6 44. Rb1 Ka5 45. Rb7
$18) (41... Ra3 42. Kd5 Rxa4 43. Rxa4+ Kxa4 44. Kc4 $18) (41... h5 42. Rh6 $5)
42. Rh6 a6 43. Rxh7 Rg5 (43... Kxa4 {Ftacnik} 44. Rh1 Ra3 45. Ree1 b5+ 46. Kxc5
Rc3+ 47. Kb6 $18) 44. Rb7 Rh5 45. Re6 Rh4+ 46. Kd5 Rb4 47. Rc6 Rd4+ 48. Ke5 Rb4
49. Rb8 1-0

[Event "Novgorod 3rd"]
[Site "Novgorod"]
[Date "1996.07.22"]
[Round "3"]
[White "Kramnik, Vladimir"]
[Black "Gelfand, Boris"]
[Result "1/2-1/2"]
[WhiteElo "2765"]
[BlackElo "2665"]
[Annotator "Huzman,A"]
[PlyCount "102"]
[EventDate "1996.07.20"]
[EventType "tourn"]
[EventRounds "10"]
[EventCountry "RUS"]
[EventCategory "19"]
[SourceTitle "CBM 054"]
[Source "ChessBase"]
[SourceDate "1996.10.01"]
[SourceVersion "1"]
[SourceVersionDate "1996.10.01"]
[SourceQuality "1"]

1. Nf3 Nf6 2. c4 g6 3. Nc3 Bg7 4. e4 d6 5. d4 O-O 6. Be2 e5 7. O-O Nc6 8. d5
Ne7 9. b4 Nh5 10. Re1 f5 11. c5 fxe4 $5 12. Nxe4 (12. Ng5 Nf4 13. Ngxe4 Nf5
$132 {/\ Nf5-d4}) 12... Nf4 13. Bxf4 (13. cxd6 cxd6 14. Bxf4 Rxf4 15. Nfd2 Rf7
16. Nc4 Nf5 17. Bg4 Bf8 $15) 13... Rxf4 14. Nfd2 dxc5 (14... Rf7 $2 15. Nc4 Nf5
16. Bg4 Bf8 17. Rc1 $16) 15. Bc4 Nxd5 16. Nb3 (16. bxc5 $5) 16... c6 17. Nbxc5
Kh8 (17... b5 18. Bxb5 $1 cxb5 19. Qb3 Bg4 $140 20. f3) (17... b6 18. Qa4 $1
Qc7 19. Bxd5+ cxd5 20. Qb3 $16) 18. b5 Rf8 19. Rb1 $44 Nb6 20. Qxd8 Rxd8 21.
Ng5 Rd4 22. Bb3 cxb5 23. Nf7+ Kg8 24. Nd6+ Kh8 25. Nf7+ Kg8 26. Nd6+ Kh8 27.
Nxb5 Rd8 28. Rbd1 Rxd1 29. Rxd1 Bf6 30. Nd6 Be7 31. Ncxb7 Bxb7 32. Nxb7 Kg7 33.
Kf1 Rb8 34. Nd6 Rd8 35. Nb5 Rxd1+ 36. Bxd1 a6 37. Na7 Nd5 38. Nc6 Bd6 39. Be2
Nb4 40. Nxb4 Bxb4 41. Bxa6 Kf6 42. Bb7 Kf5 43. f3 h5 44. Bc8+ Kf6 45. a4 h4 46.
Ke2 Ke7 47. Kd3 Kd6 48. Bb7 Ba5 49. Be4 g5 50. Kc4 Bb6 51. Kb5 Kc7 1/2-1/2

[Event "Vienna Millenium"]
[Site "Vienna"]
[Date "1996.08.09"]
[Round "1"]
[White "Kramnik, Vladimir"]
[Black "Shirov, Alexei"]
[Result "0-1"]
[WhiteElo "2765"]
[BlackElo "2685"]
[Annotator "Shirov,A"]
[PlyCount "70"]
[EventDate "1996.08.09"]
[EventType "tourn"]
[EventRounds "9"]
[EventCountry "AUT"]
[EventCategory "18"]
[SourceTitle "CBM 055"]
[Source "ChessBase"]
[SourceDate "1996.12.01"]
[SourceVersion "1"]
[SourceVersionDate "1996.12.01"]
[SourceQuality "1"]

1. Nf3 {Huebner} d5 2. d4 c6 3. c4 Nf6 4. Nc3 a6 {A successful comeback to the
Chebanenko system which I played a lot in 1993-1994 and now in Vienna scored 3
out of 4 with.} 5. c5 {Kramnik has almost never experienced the 4...a6 system
as White and I didn't know what to expect from him. He played} (5. a4 {once.})
5... Bf5 $5 {I used to play 'pure Moldavian'} (5... g6 {, but somehow Black
gets a passive position with it. The text has been well employed by my
countryman Jordi Magem.}) 6. Qb3 Ra7 {against Ivan Sokolov (Yerevan 1996) I
switched to} (6... Qc8 {Huebner sieht natürlicher aus.}) 7. Bf4 Nbd7 8. h3 {
A new move with the idea to avoid} (8. e3 Nh5 $5 {and by exchanging the strong
White's bishop, Black should probably solve his opening problems.} (8... Nh5 {
Huebner} 9. Be2 Nxf4 10. exf4 e6 $10 {Huebner: geschah in der Partie Schön,
W-Pieper Emden,C, NRW II 93/94, Deutschland 1993, GER 07. In der vorliegenden
Partie möchte Weiß den Abtausch seines schwarzfeldrigen Läufers verhindern.}))
8... h6 $5 9. e3 g5 10. Bh2 Bg7 11. Ne5 $5 {Kramnik is being ambitious but
with not such a good development it is a bit risky. I believe that Black
should also be OK after} (11. Be2 Ne4 $5 {but}) (11. Nd2 $5 {could be an
interesting try.}) 11... O-O (11... Ne4 $5 $10 {Huebner}) 12. f3 (12. Bd3 $16 {
Huebner  Huebner: laut V. Kramnik, "Schach" 9/1996, S.13, doch scheint mir
dies etwas übertrieben. Nach} Bxd3 13. Nxd3 Ne4 {mit der Idee, e7-e5
durchzusetzen, sollte Schwarz noch nicht ernsthaft im Nachteil sein.}) 12...
Nxe5 $1 {Otherwise Black stands passively. could be an interesting try.} 13.
Bxe5 Nd7 14. Bxg7 Kxg7 15. e4 {This pawn advance is not dangerous but} (15. Be2
Qc7 (15... e5 {Huebner} 16. O-O Qf6 17. Rad1 {Huebner: gefolgt von Tf1-f2 und
Le2-f1 mit Aussichten auf einen kleinen Vorteil.}) 16. Kf2 e5 {would also
promise Black a good game.}) (15. O-O-O {Huebner  Huebner: wird von V. Kramnik,
loc. cit., vorgeschlagen, doch hat Schwarz nach 15...e5 keinerlei
Schwierigkeiten. Meines Erachtens sollte Weiß hier die kurze Rochade anstreben:
}) 15... dxe4 16. fxe4 Bg6 17. O-O-O $2 {This bad move was accompannied with a
draw offer but, of course I rejected it because now Black gets a clear
avantage by simple means. White ought to continue} (17. e5 {which I was
planning to answer by} b6 18. cxb6 Qxb6 (18... Rb7 19. O-O-O Rxb6 20. Qa3 $13)
(18... Nxb6 {Huebner} 19. Rd1 (19. O-O-O {Huebner: ist hier offensichtlich zu
riskant.}) 19... a5 (19... Rd7 20. Bxa6 Rxd4 21. O-O {Huebner: sieht nicht
verlockend für Schwarz aus. Nach}) (19... f6 20. Be2 fxe5 21. dxe5 Qc7 22. Rf1
{Huebner: kommt der König des Weißen in Sicherheit.}) 20. Be2 Rd7 {für Schwarz
sehr angenehm; der König des Weißen kommt nicht ohne weiteres in Sicherheit.})
19. Qxb6 Nxb6 20. O-O-O Nd5 $5 {with a roughly equal endgame.}) 17... e5 $1 {
Now White's centre breaks down while the isolated e4 pawn stays as the
weakness. There is also no counterplay White can arrange.} 18. Qc4 (18. dxe5
Qe7 $17) (18. d5 Nxc5 19. Qc4 Nd7 $17) 18... Qf6 $1 {A very precise move. Now
White is forced to exchange pawms before completing the development.} 19. dxe5
(19. d5 Qf4+ 20. Rd2 (20. Kb1 cxd5 $17 (20... cxd5 {Huebner} 21. Qxd5 Nf6))
20... Qe3 21. b4 a5 {is awful for White.}) (19. Be2 {Huebner} exd4 20. Rxd4 Ne5
21. Qb3 Qf2 22. Rhd1 Qxg2 23. Qb6 Raa8 24. Qxb7 Qxh3 {Huebner: sieht ebenfalls
sehr unerfreulich für Weiß aus.}) 19... Nxe5 20. Qd4 Raa8 $1 {I was thinking
about tempting} (20... Qf4+ $5 21. Qd2 Qg3 $17 {but then just decided to bring
my rook into the game first.}) 21. Qe3 Rad8 22. Be2 Qe7 $17 {Black has no
clear winning plan, but as I already stated, White has no counterplay.} 23.
Rhe1 (23. Rxd8 {Huebner} Rxd8 24. Rd1 {Huebner: kam meines Erachtens sehr in
Betracht; schon nach Abtausch eines Turmpaares wird die Deckung des Bauern auf
c5 durch b2-b4 weniger riskant sein.}) 23... Nd7 {Huebner: Jetzt hat Schwarz
schon erheblichen Vorteil.} 24. Qd4+ (24. Na4 $5 {Huebner}) 24... Nf6 25. Qe3 (
25. Qb4 {Huebner: mit der Absicht, Td1-d6 folgen zu lassen, war wohl nicht
aussichtsreicher. Die Fortsetzung} b5 (25... Nxe4 {Huebner} 26. Rxd8 (26. Bf3
Rxd1+ 27. Bxd1 Nxc3 $17) 26... Rxd8 27. Nxe4 (27. Bf3 Nxc5 $19) 27... Qxe4 28.
Qxe4 Bxe4 29. Bxa6 Bxg2 30. Bxb7 Bxh3 31. Rd1 {ist nicht klar;} Rxd1+ 32. Kxd1
Bd7 33. a4 h5 34. a5 h4 35. Ke2 {Huebner: ist dem Schwarzen nicht anzuraten.})
26. Rxd8 (26. Rd6 {Huebner} Rxd6 27. cxd6 Qe5 28. Rd1 c5 {Hubner: nebst b5-b4
ist hoffnungslos für Weiß.}) 26... Rxd8 27. Qa5 Rd4 {ist aber fatal für Weiß.})
(25. Qc4 {Huebner} Qe5 26. Bf3 h5 {Huebner: sieht auch nicht besser für Weiß
aus.}) 25... Qe5 {Huebner: Jetzt ist Weiß gänzlich paralysiert. Seine Lage ist
vermutlich hoffnungslos.} 26. Bf3 h5 27. a3 Rfe8 28. Rxd8 Rxd8 {[#]} 29. Bd1 $2
{Now Black wins easily. The only way was} (29. Rd1 {after which Black should
probably continue} Re8 $17 (29... Rxd1+ {Huebner} 30. Kxd1 Nd5 31. Qd2 Nxc3+
32. Qxc3 Qxc3 33. bxc3 Kf6 34. Kd2 Ke5 35. Ke3 h4 36. Kd3 Kf4 37. Kd4 f6 38.
Kd3 g4 {Huebner: ist hoffnungslos für Weiß.})) 29... Rd4 30. Bc2 Rc4 $1 $19 {
The game is over.} (30... Qxc5 $5 {Huebner} 31. e5 {Huebner: Wenn Weiß der
Dame des Schwarzen erlaubt, nach e5 zurückzukehren, ist seine Stellung
natürlich hoffnungslos.} Nd5 32. Qxg5 Nxc3 33. Qf6+ Kg8 $19) 31. Kb1 Rxc5 32.
Qd2 (32. Bb3 {Huebner  Huebner: wird durch 32...De7 nebst 33...Te5 entkräftet.}
) 32... Rc4 33. Qd8 Nxe4 34. Bxe4 Bxe4+ 35. Nxe4 (35. Ka1 {loses to} Rxc3 $19)
35... Rxe4 $138 {White lost on time but his position is, of course lost anyway.
} 0-1

[Event "Vienna Millenium"]
[Site "Vienna"]
[Date "1996.08.12"]
[Round "4"]
[White "Kramnik, Vladimir"]
[Black "Gelfand, Boris"]
[Result "1/2-1/2"]
[WhiteElo "2765"]
[BlackElo "2665"]
[Annotator "Gutman,L"]
[PlyCount "69"]
[EventDate "1996.08.09"]
[EventType "tourn"]
[EventRounds "9"]
[EventCountry "AUT"]
[EventCategory "18"]
[SourceTitle "CBM 055"]
[Source "ChessBase"]
[SourceDate "1996.12.01"]
[SourceVersion "1"]
[SourceVersionDate "1996.12.01"]
[SourceQuality "1"]

1. Nf3 {Hazai} Nf6 2. c4 g6 3. Nc3 Bg7 4. e4 d6 5. d4 O-O 6. Be2 e5 7. O-O Nc6
8. d5 Ne7 9. b4 {Weiß will keine Zeit für Vorsichtsmaßnahmen verwenden und
beschleunigt seine Initiative am Damenflügel. Aber...} Nh5 $5 {ergibt erste
Probleme - wie ist auf das "lästige" Springermanöver zu reagieren?} 10. Re1 $5
{Schon 1975 von David Bronstein empfohlen, um auf Nh5-f4 mit Be2-f1 zu
reagieren. Aber auch die Schachideen brauchen ihre Zeit ! Erst 20 Jahre später
nach der Partie I.Sokolov - van Wely, Amsterdam 1995 wurde diese Spielweise
von führenden Großmeistern wie A.Karpov und W.Kramnik mit Begeisterung
angenommen und weiterentwickelt.} f5 $5 {Eine logische Fortsetzung; Schwarz
nimmt unverzüglich den Kampf um das Zentrum auf.} 11. Ng5 $5 {"In Novgorod
1996 folgte noch 11.c5, aber schon einige Tage später nahm Kramnik davon
Abstand und bevorzugte 11.Ng5." A.Huzman.} Nf6 $5 {Eine Fortsetzung der
zentralen Strategie, Schwarz verstärkt den Druck auf den kritischen Punkt e4.
Als vorteilhaft für Weiß gilt 11...Nf4 12.Bxf4 exf4 13.Rc1. Der von Gufeld
gepriesene schwarzfeldrige Läufer verspricht hier kein ausreichendes
Gegenspiel.} 12. Bf3 $5 {Eine Spezialität von W.Kramnik! Eine Alternative ist
verbunden mit dem "befestigendem" Zug 12.f3.} fxe4 $5 {Um so schnell wie
möglich den e7-Springer auf das ideale Feld d4 zu überführen; stark in Frage
kommt aber 12...Kh8, J.Polgar oder 12...c6!?.  This moves tries to simplify
matters in order to obtain equality. Black wants to put a N on d4, but White
gets a stronghold for his  N on e4.} 13. Ngxe4 {Weniger Probleme für Schwarz
stellt 13.Ncxe4 Nf5 14.Nxf6+ Bxf6 15.Ne4 Nd4 16.Be3 Nxf3+ 17.Qxf3 Bg7! (17. ...
Bh418.Qe2 Bf5,Topalow-Gelfand,Novgorod 1996,überzeugt weniger wegen 19.Nd2 Bg5
20.Bxg5 Qxg5 21.c5 und Weiß hat etwas mehr von Spiel ) 18.Qe2 Bf5 19.Bg5 Qd7
mit etwa gleichen Chansen, Epischin-Danailow,Wien 1996.} (13. Ncxe4 {Hazai 
This looks more natural, because the other N may jump to e6.} Nf5 14. Nxf6+ (
14. Bb2 $142 Nxe4 15. Nxe4 {prevents Black from Nd4.}) 14... Bxf6 15. Ne4 Nd4
16. Be3 Nxf3+ 17. Qxf3 Bh4 $1 {against 18.f3.} 18. Qe2 Bf5 19. Nc3 Bg5 20. a3
Bxe3 21. Qxe3 Rf7 22. c5 $10 {1/2 Topalov-Gelfand, Novgorod 1996}) 13... Nf5
14. Bg5 (14. Nxf6+ {Hazai} Bxf6) 14... Nd4 15. Nb5 {Stark in Frage kommt 15.
Be2 Bf5 16.Bd3 Qd7 ,und mit 17.f3!? (IN Simultanpartie Karpow -Vrjola,Helsinki
1996,folgte weniger überzeugende 17.Nxf6+ Bxf6 18.Ne2 Bh4!19.N4g3 Bg4 20.Qd2
Bxe2 21.Bxe2 Rf4 mit guten schwarzen Gegenspiel ) KÖNNTE Weiß etwas besseren
Aussichten behaupten.} (15. Bxf6 {Hazai} Bxf6 16. Be2 (16. Bg4 $2 Bxg4 17. Qxg4
Nc2) 16... a5) 15... Nxf3+ {Eine andere Alternatiwe var mit 15. ...Nxb5 16.
cxb5Qd7 ( 16. ... Bf5 17.a4 ) 17.Bxf6 Bxf6 18.a4 verbunden, und Weiß hat etwas
mehr von Spiel.} 16. Qxf3 Bf5 17. Qb3 (17. Bxf6 {Hazai} Bxf6 18. Qe3 {looks a
bit better for White because of the bad dark-squared  bishop.}) 17... Bxe4 18.
Rxe4 Qd7 19. Bxf6 Rxf6 {Der Springer ist ewtl. schwarzen Läufer überlegen,aber
Weiß braucht Zeit um Zusammenspiel der Figuren zu organisieren.} 20. Rae1 $5 {
Um 20. ...a5 mit 21.a3 zu beantworten.} Bh6 21. R4e2 {Sofortiges 21.Nc3!?
kommt in Frage.} Rf4 22. g3 $6 {Sinvoller erscheint 22.Nc3 zu sein.  This move
unnecessarily weakens the f3 square.} (22. Nc3 {Hazai} Rd4 23. Ne4 Rf8 24. f3 {
is more to the point.}) 22... Rf7 23. Nc3 Rf3 24. c5 {Auf der Suche nach
Gegenspiel.} (24. Qc2 {Hazai} Raf8 25. Ne4) 24... Qg4 {24. ...Raf8 stellte
grosere Probleme für Weiß.} 25. Re4 {Nun endlich war 25.Ne4!?Rxb3 26.Nf6+ Kg7
27.Nxg4 Rxb4 28.f4 mit interessanten Spiel möglich.} Qf5 26. Qc2 a5 27. R1e2 (
27. a3 {Hazai} axb4 28. axb4 Ra3 29. Nb5 Rad3) 27... axb4 28. Rxb4 Qxc2 29.
Rxc2 Rxc3 30. Rxc3 Bd2 {mit Ausgleich.} 31. Rcc4 Bxb4 32. Rxb4 Ra5 33. cxd6
cxd6 34. Rxb7 Rxd5 35. Rd7 1/2-1/2